Hand Book of Nutrient Management & Fertilizer Technology/ (Record no. 51656)
[ view plain ]
| 000 -LEADER | |
|---|---|
| fixed length control field | 00652nam a22001817a 4500 |
| 003 - CONTROL NUMBER IDENTIFIER | |
| control field | OSt |
| 008 - FIXED-LENGTH DATA ELEMENTS--GENERAL INFORMATION | |
| fixed length control field | 260606b |||||||| |||| 00| 0 eng d |
| 020 ## - INTERNATIONAL STANDARD BOOK NUMBER | |
| International Standard Book Number | 9789353870607 |
| 082 ## - DEWEY DECIMAL CLASSIFICATION NUMBER | |
| Classification number | 631.81 |
| Item number | Y95H |
| 100 ## - MAIN ENTRY--PERSONAL NAME | |
| Personal name | Yuvaraj, M. |
| 245 ## - TITLE STATEMENT | |
| Title | Hand Book of Nutrient Management & Fertilizer Technology/ |
| Remainder of title | by M. Yuvaraj, V. Arunkumar |
| 260 ## - PUBLICATION, DISTRIBUTION, ETC. (IMPRINT) | |
| Place of publication, distribution, etc | Delhi: |
| Name of publisher, distributor, etc | Satish Serial Publishing House, |
| Date of publication, distribution, etc | 2021. |
| 300 ## - PHYSICAL DESCRIPTION | |
| Extent | xi, 278 p. |
| 650 ## - SUBJECT ADDED ENTRY--TOPICAL TERM | |
| Topical term or geographic name as entry element | Agriculture and related technologies |
| 650 ## - SUBJECT ADDED ENTRY--TOPICAL TERM | |
| Topical term or geographic name as entry element | Fertilizers, soil conditioners, growth regulators I Nutrient management, plant nutrients, fertilizer technology, and use |
| 700 ## - ADDED ENTRY--PERSONAL NAME | |
| Personal name | Arunkumar, V. |
| 942 ## - ADDED ENTRY ELEMENTS (KOHA) | |
| Source of classification or shelving scheme | |
| Koha item type | Books |
| Withdrawn status | Lost status | Source of classification or shelving scheme | Damaged status | Not for loan | Home library | Current library | Shelving location | Date acquired | Source of acquisition | Cost, normal purchase price | Total Checkouts | Full call number | Barcode | Date last seen | Bill Date | Koha item type | Bill Number |
|---|---|---|---|---|---|---|---|---|---|---|---|---|---|---|---|---|---|
| Dr. Rajendra Prasad Central Agricultural University Pusa, | Dr. Rajendra Prasad Central Agricultural University Pusa, | General Stacks | 06/06/2026 | Delight Book Agency | 2950.00 | 631.81 Y95H | 87401 | 06/06/2026 | 29/01/2026 | Books | Bill No. DBS/0262025-2026 | ||||||
| Dr. Rajendra Prasad Central Agricultural University Pusa, | Dr. Rajendra Prasad Central Agricultural University Pusa, | General Stacks | 06/06/2026 | Delight Book Agency | 2950.00 | 631.81 Y95H | 87402 | 06/06/2026 | 29/01/2026 | Books | Bill No. DBS/0262025-2026 | ||||||
| Dr. Rajendra Prasad Central Agricultural University Pusa, | Dr. Rajendra Prasad Central Agricultural University Pusa, | General Stacks | 06/06/2026 | Delight Book Agency | 2950.00 | 631.81 Y95H | 87403 | 06/06/2026 | 29/01/2026 | Books | Bill No. DBS/0262025-2026 | ||||||
| Dr. Rajendra Prasad Central Agricultural University Pusa, | Dr. Rajendra Prasad Central Agricultural University Pusa, | General Stacks | 06/06/2026 | Delight Book Agency | 2950.00 | 631.81 Y95H | 87404 | 06/06/2026 | 29/01/2026 | Books | Bill No. DBS/0262025-2026 |